| 000 | 00793nam a22001937a 4500 | ||
|---|---|---|---|
| 008 | 100725s2003 xxu||||| |||| 00| 0 ara d | ||
| 020 | _a9772932210 | ||
| 082 |
_222 _a153.35 _bع ا م |
||
| 100 | 1 |
_916727 _aعامر ، أيمن |
|
| 245 |
_aالحل الإبداعى للمشكلات بين الوعى والأسلوب / _cأيمن عامر |
||
| 260 |
_aالقاهرة : _bمكتبة الدار العربية للكتاب ، _c2003. |
||
| 300 |
_a383 ص ؛ _bايض : _c24 سم. |
||
| 490 |
_916740 _aعلم النفس الأكاديمي المعاصر |
||
| 504 | _aيشتمل على إرجاعات ببليوجرافية | ||
| 541 |
_aألف باء ؛ _cشراء ؛ |
||
| 650 |
_915100 _aالإبداع |
||
| 650 |
_916745 _aتكنولوجيا المعلومات |
||
| 942 |
_2ddc _cBB |
||
| 999 |
_c14535 _d14535 |
||